000 00662cam a2200229 a 4500
001 3886931
005 20240208013655.0
008 900503s1990 flu b 000 0 eng
020 _a1558741097 :
040 _aDLC
_cDLC
_dDLC
082 0 0 _a306.8
_220
_bJO A.
100 1 _aLordahl, Jo Ann.
245 1 4 _aThe end of motherhood :
_bnew identities, new lives /
_cby Jo Ann Lordahl.
260 _aDeerfield Beach, Fla. :
_bHealth Communications,
_c1990.
300 _ax, 224 p. ;
650 0 _aMiddle-aged women
650 0 _aEmpty nesters
650 0 _aMiddle-aged mothers
650 0 _aSelf-actualization (Psychology)
650 0 _aEmpty nesters
942 _cL
999 _c329
_d329